| 000 | 00869cab a2200241 4500 | ||
|---|---|---|---|
| 001 | WB2817-01 | ||
| 008 | 090401t1992 xxu||||| |||| 00| 0 eng d | ||
| 035 | _a(Sirsi) u47539 | ||
| 041 | _aeng | ||
| 245 | 4 | _aThe small world of arbitrators | |
| 260 | _c1992 | ||
| 350 | _a0 | ||
| 490 |
_aEstates Gazette _v(9216) 25 April 1992, 113(1) |
||
| 520 | _aTenants in "Moore Stephens & Co v Local Authorities Mutual Investment Trust" sought unsuccessfully to have the arbitrator removed as he had acted as expert in a case which was to be used as a comparable in evidence. | ||
| 650 | _aARBITRATORS | ||
| 650 | _aEXPERT WITNESSES | ||
| 650 | _aIMPARTIALITY | ||
| 650 | _aPREJUDICE | ||
| 650 | _aRENT REVIEWS | ||
| 690 | _aMANAGEMENT-DISPUTE AVOIDANCE, MANAGEMENT AND RESOLUTION-DISPUTE MANAGEMENT AND RESOLUTION-ARBITRATION | ||
| 942 | _n0 | ||
| 948 | _c04/03/1997 | ||
| 999 |
_c29979 _d29979 |
||